000 005120000a22001810004500
003 MACL
005 20160305131121.0
008 160305b xxu||||| |||| 00| 0 eng d
040 _aMACL
_cMACL
041 _aHindi
082 _a891.432
100 _aडॉ रामकुमार वर्मा
_941009
245 _aअग्निशिखा
260 _bराजपाल एण्‍ड संस
_aदिल्‍ली
350 _a5
650 _aDrama
_943017
942 _cHIN
_k891.432
_2ddc
999 _c26570
_d26570